| 000 | 00596 a2200193 4500 | ||
|---|---|---|---|
| 999 |
_c186977 _d186977 |
||
| 005 | 20220324150937.0 | ||
| 010 | _aENG-132112 | ||
| 020 |
_a9789385606366 _c425.00 |
||
| 035 | _aEN-115644 | ||
| 037 | _bDBAD/PUB | ||
| 082 | _aS | ||
| 100 | _aHyder, Qurratulain | ||
| 245 |
_aBeyond the Stars & Other Stories/ _cQurratulain Hyder |
||
| 260 |
_aNew Delhi _bWomen Unlimited (an associate of Kali for Women) _c2021 |
||
| 270 |
_a7/10, First Floor, Sarvapriya Vihar _bNew Delhi _e110016 |
||
| 300 |
_axxiii, 183p _c22cm (pbk) |
||
| 700 | _aTranslated by Fatima Rizvi | ||
| 942 |
_2ddc _cEN _hS _mHYD |
||